Statistics for 50 Biggest non-metropolitan cities in Canada (by population)

Click here to take the quiz!

General Stats

  • This quiz has been taken 3,657 times
    (3,645 since last reset)
  • The average score is 26 of 50

Answer Stats

PopulationProvince/TerritoryCity% Correct
2,615,060OntarioToronto
99%
1,649,519QuebecMontreal
97%
603,502British ColumbiaVancouver
96%
1,096,833AlbertaCalgary
95%
812,201AlbertaEdmonton
94%
883,391OntarioOttawa
93%
663,617ManitobaWinnipeg
89%
516,622QuebecQuebec City
87%
390,096Nova ScotiaHalifax
86%
193,100SaskatchewanRegina
82%
222,189SaskatchewanSaskatoon
81%
106,172Newfoundland and LabradorSt. John's
77%
519,949OntarioHamilton
75%
366,151OntarioLondon
75%
210,891OntarioWindsor
67%
713,443OntarioMississauga
65%
108,359OntarioThunder Bay
63%
123,363OntarioKingston
56%
219,153OntarioKitchener
55%
401,553QuebecLaval
54%
117,312British ColumbiaKelowna
53%
468,251British ColumbiaSurrey
53%
523,911OntarioBrampton
51%
265,349QuebecGatineau
49%
160,274OntarioGreater Sudbury
49%
149,607OntarioOshawa
46%
190,473British ColumbiaRichmond
44%
223,218British ColumbiaBurnaby
43%
135,711OntarioBarrie
41%
131,338QuebecTrois-Rivieres
41%
301,709OntarioMarkham
40%
154,601QuebecSherbrooke
39%
121,688OntarioGuelph
37%
133,497British ColumbiaAbbotsford
34%
288,301OntarioVaughan
34%
175,779OntarioBurlington
33%
182,520OntarioOakville
31%
109,600OntarioAjax
28%
131,400OntarioSt. Catharines
25%
126,456British ColumbiaCoquitlam
23%
231,409QuebecLongueuil
23%
185,541OntarioRichmond Hill
23%
126,748OntarioCambridge
22%
144,746QuebecSaguenay
22%
104,177British ColumbiaLangley
21%
122,022OntarioWhitby
21%
138,769QuebecLevis
20%
106,322QuebecTerrebonne
11%
103,671OntarioChatham-Kent
10%
109,752British ColumbiaSaanich
10%

Score Distribution

Percentile by Number Answered

Percent of People with Each Score

Your Score History

You have not taken this quiz since the last reset